02338cam a22003974i 4500003000900000005001700009008004100026035002000067040003000087100003800117245024600155264001000401300002100411336002100432337002500453338002300478502005800501504002400559520117400583526001001757526001001767526000901777526000901786526000901795526000901804526000901813526000901822526000901831526000801840526000801848526000801856526000801864526000801872650003401880650002601914PE-LiUPU20250731165416.0151202s2006 pe grm 000 0 spa d a(Sirsi) a155386 aLima :bEl creador,c20071 aRamírez Pachari, Noemíeautor1 aPrograma de educación nutricional: Aprende y aliméntalo para que crezca sano, dirigido a madres con niños menores de cinco años, atendidas en el comedor infantil Candelaria Herrera del PRONAA, Puno, 2005 /cNoemí Ramírez Pachari. 0c2006. a78 hojas c31 cm atext2rdacontent aunmediated2rdamedia avolume2rdacarrier aTesisb(Mg.) -- cUniversidad Peruana Unión,d2006. aIncluye referencias3 aComo una alternativa de solución al grave problema de desnutrición crónica que enfrenta nuestro país, durante los meses de marzo a mayo del 2005, se aplicó el programa de educación nutricional "Aliméntalo para que crezca sano", dirigido a madres de niños menores de cinco años del comedor infantil Candelaria Herrera atendido por el PRONAA Puno. Siguiendo un modelo de investigación pre-experimental se aplicó un pre test y un post test, para evaluar el nivel de conocimientos sobre nutrición básica de cada una de las participantes; mientras que la actitud fue medida mediante observación indirecta utilizando una ficha de información diaria. La muestra que obtuvo por un muestreo intencionado donde la selección de los individuos que participaron se efectuó en forma voluntaria. El modelo utilizado en la intervención e investigación fue el PRECEDE-PROCEDE. El resultado obtenido en la investigación fue significativo, por cuanto se logró incrementar en un 82.15% el nivel de conocimientos sobre nutrición básica de las madres asistentes. En relación a la actitud, el programa logró modificar la actitud en un 73.10%. aSEG44 aSEG26 aP151 aP150 aP149 aP146 aP145 aP126 aP125 aP92 aP75 aP74 aP27 aP1504aMadresxNutrición infantil.04aComedores infantiles.